00532nam a2200193Ia 450000500170000000800410001702000100005804000190006804100120008708200130009910000240011224500470013626000340018330000120021750400500022965000300027965100190030985000100032820230118111101.0131103s9999 xx 000 0 und d cRs.10 aLoreto College aEnglish a954bSAR aSarkar,Sir Jadunath aMilitary history of IndiacJadunath Sarkar aBombaybOrient Longmansc1960 a179 p.  aIncludes index and bibliographical references amilitary History of India aIndian History aLCLIB